Philippine pop culture / (Record no. 89359)
[ view plain ]
| 000 -LEADER | |
|---|---|
| fixed length control field | 00772nam a22002417a 4500 |
| 003 - CONTROL NUMBER IDENTIFIER | |
| control field | URS |
| 005 - DATE AND TIME OF LATEST TRANSACTION | |
| control field | 20260223151829.0 |
| 008 - FIXED-LENGTH DATA ELEMENTS--GENERAL INFORMATION | |
| fixed length control field | 260216b |||||||| |||| 00| 0 eng d |
| 020 ## - INTERNATIONAL STANDARD BOOK NUMBER | |
| International Standard Book Number | 9786214092758 |
| 040 ## - CATALOGING SOURCE | |
| Transcribing agency | URS |
| 050 ## - LIBRARY OF CONGRESS CALL NUMBER | |
| Classification number | PL 5539 .C13 |
| Item number | .P5384 2024 |
| 245 ## - TITLE STATEMENT | |
| Title | Philippine pop culture / |
| Statement of responsibility, etc | Mary Jean P. Alday, PhD...[and four others]. |
| 260 ## - PUBLICATION, DISTRIBUTION, ETC. (IMPRINT) | |
| Place of publication, distribution, etc | Mandaluyong City : |
| Name of publisher, distributor, etc | Books Atbp. Publishing Corp., |
| Date of publication, distribution, etc | © 2024 |
| 300 ## - PHYSICAL DESCRIPTION | |
| Extent | x, 178 pages : |
| Other physical details | Illustrations : |
| Dimensions | 26 cm. |
| 504 ## - BIBLIOGRAPHY, ETC. NOTE | |
| Bibliography, etc | Includes bibliographical references |
| 650 ## - SUBJECT ADDED ENTRY--TOPICAL TERM | |
| Topical term or geographic name as entry element | Philippine Culture |
| 700 ## - ADDED ENTRY--PERSONAL NAME | |
| Personal name | Alday, Mary Jean P. |
| 700 ## - ADDED ENTRY--PERSONAL NAME | |
| Personal name | Dimayuga, Simeona Gina C. |
| 700 ## - ADDED ENTRY--PERSONAL NAME | |
| Personal name | Celis, Liza H. |
| 700 ## - ADDED ENTRY--PERSONAL NAME | |
| Personal name | Macatangay JD, Mary-Ann B. |
| 700 ## - ADDED ENTRY--PERSONAL NAME | |
| Personal name | Macalalad, Donita Rose M. |
| 942 ## - ADDED ENTRY ELEMENTS (KOHA) | |
| Source of classification or shelving scheme | Library of Congress Classification |
| Koha item type | Filipiniana |
| Withdrawn status | Lost status | Source of classification or shelving scheme | Damaged status | Not for loan | Collection code | Home library | Current library | Shelving location | Date acquired | Source of acquisition | Total Checkouts | Full call number | Barcode | Date last seen | Copy number | Price effective from | Koha item type |
|---|---|---|---|---|---|---|---|---|---|---|---|---|---|---|---|---|---|
| Library of Congress Classification | Non-fiction | Antipolo College Library | Antipolo College Library | Filipiniana Section | 10/23/2025 | Purchased | PL 5539 .C13 .P5384 2024 | URSANT-06212 | 02/16/2026 | 1 | 02/16/2026 | Filipiniana | |||||
| Library of Congress Classification | Non-fiction | Antipolo College Library | Antipolo College Library | Filipiniana Section | 10/23/2025 | Purchased | PL 5539 .C13 .P5384 2024 | URSANT-06213 | 02/16/2026 | 2 | 02/16/2026 | Filipiniana | |||||
| Dewey Decimal Classification | Pililla College Library | Pililla College Library | Filipiniana Section | 02/18/2026 | 306.097959 P5383 2024 | URSPIL-7367 | 02/18/2026 | 1 | 02/18/2026 | Filipiniana | |||||||
| Dewey Decimal Classification | Pililla College Library | Pililla College Library | Filipiniana Section | 02/18/2026 | 306.097959 P5383 2024 | URSPIL-7368 | 02/18/2026 | 2 | 02/18/2026 | Filipiniana |